The Listening leader : (Record no. 492708)
[ view plain ]
| 000 -LEADER | |
|---|---|
| fixed length control field | 01160nam a22002417a 4500 |
| 003 - CONTROL NUMBER IDENTIFIER | |
| control field | OSt |
| 005 - DATE AND TIME OF LATEST TRANSACTION | |
| control field | 20260512112153.0 |
| 008 - FIXED-LENGTH DATA ELEMENTS--GENERAL INFORMATION | |
| fixed length control field | 260512b |||||||| |||| 00| 0 eng d |
| 020 ## - INTERNATIONAL STANDARD BOOK NUMBER | |
| International Standard Book Number | 9781292142166 |
| 040 ## - CATALOGING SOURCE | |
| Original cataloging agency | Kenya National Library Service |
| 082 ## - DEWEY DECIMAL CLASSIFICATION NUMBER | |
| Classification number | 658.4092 ZUG |
| 100 ## - MAIN ENTRY--PERSONAL NAME | |
| Personal name | Zugaro, Emilio Galli |
| Relator term | author |
| 245 ## - TITLE STATEMENT | |
| Title | The Listening leader : |
| Remainder of title | how to drive performance by using communicative leadership / |
| Statement of responsibility, etc. | Emilio Galli Zugaro with Clementina Galli Zugaro |
| 300 ## - PHYSICAL DESCRIPTION | |
| Extent | xii, 238 pages : |
| Other physical details | illustrations ; |
| Dimensions | 24 cm. |
| 504 ## - BIBLIOGRAPHY, ETC. NOTE | |
| Bibliography, etc. note | Includes index |
| 520 ## - SUMMARY, ETC. | |
| Summary, etc. | DISCOVER THE ART OF COMMUNICATIVE LEADERSHIP: HOW TO REALLY LISTEN SO YOU CAN WIN AND HOLD THE TRUST OF YOUR STAKEHOLDERS. Leaders often say ' I communicate' when, in fact, they mean ' I tell '. Yet being able to really listen is the key to growth and results. The Listening Leader provides a clear framework for taking action to implement a communicative leadership style. |
| 650 ## - SUBJECT ADDED ENTRY--TOPICAL TERM | |
| Topical term or geographic name entry element | Leadership |
| 650 ## - SUBJECT ADDED ENTRY--TOPICAL TERM | |
| Topical term or geographic name entry element | Communication in management |
| 650 ## - SUBJECT ADDED ENTRY--TOPICAL TERM | |
| Topical term or geographic name entry element | Organizational behavior |
| 942 ## - ADDED ENTRY ELEMENTS (KOHA) | |
| Source of classification or shelving scheme | Dewey Decimal Classification |
| Koha item type | Books |
| Suppress in OPAC | No |
No items available.
